Společenské souvislosti trhu práce

Salvato in:
Dettagli Bibliografici
Autore principale: Brožová, Dagmar
Natura: Libro
Lingua:ceco
Pubblicazione: Praha Sociologické nakladatelství 2003
Serie:Studijní texty 26. svazek
Soggetti:
Tags: Aggiungi Tag
Nessun Tag, puoi essere il primo ad aggiungerne!!

MARC

LEADER 00000nam$a2200000$$$4500
001 0001398
005 20230113120038.7
020 |a 80-86429-16-4 
041 0 |a cze 
044 |a CZ 
245 1 0 |a Společenské souvislosti trhu práce  |c Dagmar Brožová 
264 1 |a Praha  |b Sociologické nakladatelství  |c 2003 
300 |a 140 s. 
490 1 |a Studijní texty  |v 26. svazek 
830 0 |a Studijní texty  |v 26. svazek 
610 2 0 |a trh práce 
610 2 0 |a kapitál ľudský 
610 2 0 |a nezamestnanosť 
610 2 0 |a dopyt po práci 
610 2 0 |a ponuka práce 
610 2 0 |a vzdelávanie 
610 2 0 |a nezamestnanosť dobrovoľná 
610 2 0 |a nezamestnanosť nedobrovoľná 
610 2 0 |a nezamestnanosť dlhodobá 
610 2 0 |a podnety k práci 
100 1 |a Brožová, Dagmar